Géographie physique à l'usage de la jeunesse et des gens du monde. Sommaire I. La terre considérée dans ses rapports astronomiques. II. La terre ferme. III. L'océan. IV. Les eaux intérieures. V. Les vapeurs aqueuses. VI. L'action volcanique. VII. Atmosphère et climat. VIII. électricité et magnétisme terrestre. IX. Le monde organique. Questions et exercices didactiques. Planche de dessins
Salvato in:
| Autore principale: | |
|---|---|
| Altri autori: | |
| Natura: | Sconosciuto |
| Lingua: | francese |
| Pubblicazione: |
Bruges
Edw. Gailliard, éditeur
1878
|
| Catalogo: | MANES: Risultati della ricerca del catalogo della biblioteca |
| Libro di testo Classificazione: |
|
| Soggetti: | |
| Tags: |
Aggiungi Tag
Nessun Tag, puoi essere il primo ad aggiungerne!!
|
| Aggiunto a: | 2016-04-26 |
MARC
| LEADER | 000000000a22000000004500 | ||
|---|---|---|---|
| 001 | 22814 | ||
| 008 | 160427s be ||||| |||| 00| 0 fre d | ||
| 040 | |a manes |c manes | ||
| 041 | |a Francés | ||
| 100 | 1 | |a SKERTCHLY [Sydney] |b H. M. Geological survey of England |c Membre de la Société belge de géographie | |
| 245 | 0 | 0 | |a Géographie physique à l'usage de la jeunesse et des gens du monde. Sommaire I. La terre considérée dans ses rapports astronomiques. II. La terre ferme. III. L'océan. IV. Les eaux intérieures. V. Les vapeurs aqueuses. VI. L'action volcanique. VII. Atmosphère et climat. VIII. électricité et magnétisme terrestre. IX. Le monde organique. Questions et exercices didactiques. Planche de dessins |
| 260 | 3 | |a Bruges |b Edw. Gailliard, éditeur |c 1878 | |
| 300 | |a VIII+200 p. | ||
| 500 | |a Traduit avec l'autorisation de l'auteur sur la 13e édition anglaise par Alexis Lallemand | ||
| 546 | |a Bélgica | ||
| 650 | 7 | |a Geografía | |
| 655 | 7 | |a Secundaria | |
| 700 | 1 | |a LALLEMAND, Alexis [traduit] | |
| 942 | |2 ddc |c BK | ||
| 999 | |c 45142 |d 45142 | ||
| 999 | |c manes:45142 |d 45142 | ||